Nezávislosť sudcu a jeho viazanosť právnym názorom súdu vyššieho stupňa
Problematika nezávislosti sudcov súdov systému všeobecného súdnictva v kontinentálnom právnom systéme. Problémy súvisiace s nezáväznosťou súdnych rozhodnutí súdov vyšších stupňov v právnom poriadku SR s výnimkami. Vzťah medzi princípom sudcovskej nezávislosti, garantovaným čl. 144 Ústavy Slovenskej...
Gespeichert in:
| 1. Verfasser: | |
|---|---|
| Format: | Buchkapitel |
| Sprache: | Slowakisch |
| Schlagworte: | |
| Tags: |
Keine Tags, Fügen Sie das erste Tag hinzu!
|
MARC
| LEADER | 00000naa$a2200000$$$4500 | ||
|---|---|---|---|
| 001 | 0200266 | ||
| 005 | 20240502073404.2 | ||
| 041 | 0 | |a slo | |
| 044 | |a SK | ||
| 245 | 1 | 0 | |a Nezávislosť sudcu a jeho viazanosť právnym názorom súdu vyššieho stupňa |c Hana Magurová |
| 520 | |a Problematika nezávislosti sudcov súdov systému všeobecného súdnictva v kontinentálnom právnom systéme. Problémy súvisiace s nezáväznosťou súdnych rozhodnutí súdov vyšších stupňov v právnom poriadku SR s výnimkami. Vzťah medzi princípom sudcovskej nezávislosti, garantovaným čl. 144 Ústavy Slovenskej republiky a záujmom vo vytváraní konštantnej a stabilnej rozhodovacej činnosti súdov ako predpokladu naplnenia princípu právnej istoty. | ||
| 610 | 2 | 0 | |a systémy právne |
| 610 | 2 | 0 | |a sudcovia |
| 610 | 2 | 0 | |a súdy |
| 610 | 2 | 0 | |a nezávislosť |
| 100 | 1 | |a Magurová, Hana, 1986- | |